Strategic minerals /

Bibliographic Details
Main Author: Van Rensburg, W. C. J.
Other Authors: Anaejionu, Paul
Format: Book
Language:English
Published: Englewood Cliffs, N.J. : Prentice-Hall, [1986]
Series:Prentice-Hall international series in world resources, energy, and minerals.
Subjects:

MARC

Tag First Indicator Second Indicator Subfields
LEADER 00000cam a2200000 a 4500
001 in00000009151
005 20151007051502.0
008 850403s1986 njua b 00110 eng
010 |a  85006569  
020 |a 0138513872 (v. 1) 
020 |a 0138514119 (v. 2) 
035 |a (OCoLC)11969837 
035 |9 AAA3226AM 
040 |a DLC  |c DLC  |d m/c  |d TXA  |d UtOrBLW 
049 |a TXAM  |v 1 [A11011184]  |v 2 [A11184864] 
050 0 0 |a HD9506.A2  |b V36 1986 
082 0 |a 333.8  |2 19 
100 1 |a Van Rensburg, W. C. J. 
245 1 0 |a Strategic minerals /  |c W.C.J. van Rensburg. 
264 1 |a Englewood Cliffs, N.J. :  |b Prentice-Hall,  |c [1986] 
264 4 |c ©1986 
300 |a 2 volumes :  |b illustrations ;  |c 29 cm. 
336 |a text  |b txt  |2 rdacontent 
337 |a unmediated  |b n  |2 rdamedia 
338 |a volume  |b nc  |2 rdacarrier 
490 1 |a Prentice-Hall international series in world resources, energy, and minerals 
500 |a Volume 2 by W.C.J. van Rensburg, with Paul Anaejionu. 
500 |a Addendum sheet inserted. 
504 |a Bibliography: volume 1, pages 527-542; volume 2, pages 331-347. 
500 |a Includes indexes. 
505 0 |a v. 1. Major mineral-exporting regions of the world -- v. 2. Major mineral-consuming regions of the world. 
650 0 |a Mineral industries  |x Government policy  |x Case studies. 
650 0 |a Metal trade  |x Government policy  |x Case studies. 
650 0 |a Strategic materials  |x Government policy  |x Case studies. 
700 1 |a Anaejionu, Paul. 
830 0 |a Prentice-Hall international series in world resources, energy, and minerals. 
999 |a MARS 
999 f f |s f3df5df3-797a-3139-9cb9-d263bbe41a7a  |i a7d9112c-650d-3498-aa2a-6e799b6f254d  |t 0 
952 f f |p ric  |a Texas A&M University  |b Rellis Campus  |c Joint Library Facility  |d Remote Storage  |t 0  |e HD9506.A2 V36 1986  |h Library of Congress classification  |i unmediated -- volume  |k v.2  |m A14811184864 
952 f f |p ric  |a Texas A&M University  |b Rellis Campus  |c Joint Library Facility  |d Remote Storage  |t 0  |e HD9506.A2 V36 1986  |h Library of Congress classification  |i unmediated -- volume  |k v.1  |m A14811011184 
998 f f |a HD9506.A2 V36 1986  |s v.1-v.2  |t 0  |l Remote Storage